| 000 | 01925nam a22003017a 4500 | ||
|---|---|---|---|
| 001 | 8879 | ||
| 003 | FISKH | ||
| 005 | 20251028142515.0 | ||
| 008 | 251028b cb ||||| |||| 00| 0 eng d | ||
| 020 | _a9789996301971 | ||
| 040 |
_aFISKH _bkhr _cFISKH _dFISKH |
||
| 050 | _aPZ7 | ||
| 082 | _a895 | ||
| 100 | _aSaren, Koam | ||
| 245 |
_aកុមារអំណត់ : _bAmnattt boy / _cនិពន្ធដោយ លោក គាំ សារ៉ែន , កែសម្រួលដោយ អ្នកស្រី គឹមស៊ុន សុធារី , លោក ធី ចាន់ថន និង អ្នកនាង វ៉ាត ចរិយា |
||
| 260 |
_aភ្នំពេញ : _bReading Books , _c2013. |
||
| 300 |
_a24 pages : _bcolor illustrations ; _c25 cm . |
||
| 505 | _aR | ||
| 520 | _aកុមារត្រូវទទួលបាននូវសិទ្ធិរស់រាន សិទ្ធទទួលការការពារ សិទ្ធិក្នុងការអភិវឌ្ឍ និងសិទ្ធិក្នុងការចូលរួម ។ ប៉ុន្តែមានកុមារមួយចំនួននៅមិនទាន់ទទួលបាននូវសិទ្ធិទាំងអស់នោះទេ ថែមទាំងកំពុងតែរស់នៅយ៉ាងលំបាកវេទនាទៀតផង ។ | ||
| 520 | _aChildren are entiled to rights to survival, protection, development and participation. However , some of them not only have access to these rights, but also are leading a suffering life . | ||
| 521 | 8 |
_a660
_bLexile estimate |
|
| 521 | 8 |
_aR
_bRaz-Plus |
|
| 650 |
_aកុមារអំណត់ _vរឿងនិទានកុមារ |
||
| 650 |
_aAmnatt boy _vChildren's Stories |
||
| 700 |
_aSotheary, Kimsun _eIllustrator |
||
| 942 |
_2ddc _cKHB _n0 |
||
| 999 |
_c8879 _d8879 |
||